| 000 | 01777nabaa22002657a 4500 | ||
|---|---|---|---|
| 999 |
_c4803 _d4803 |
||
| 003 | OSt | ||
| 005 | 20220609112634.0 | ||
| 008 | 190701b xxu||||| |||| 00| 0 spa d | ||
| 040 | _cPJ | ||
| 100 |
_96000 _aComadira, Fernando Gabriel |
||
| 245 | 1 | 3 |
_aLas medidas precautorias en el derecho disciplinario. Especial referencia a la Ley Nacional de Empleo Público y el Régimen de Investigaciones Administrativas aprobado por dec. 467/1999 / _cFernando Gabriel Comadira. |
| 300 | _ap. 35-56 | ||
| 500 | _aCita Online: AR/DOC/681/2022. | ||
| 505 | _aSumario: I. Introducción.— II. Las medidas preventivas como poder inherente a la función administrativa.— III. Naturaleza jurídica de las medidas preventivas.— IV. Finalidad de las medidas preventivas.— V. Caracteres de las medidas preventivas en el marco de un procedimiento administrativo disciplinario.— VI. Naturaleza jurídica del acto que dispone una medida preventiva. Requisitos e impugnabilidad.— VII. Clases de medidas preventivas.— VIII. Vigencia temporal de las medidas preventivas en el marco de la LMREP y normativa infralegal.— IX. ¿Es posible adoptar medidas preventivas al momento de ordenarse la instrucción del sumario administrativo?— X. Conclusiones. | ||
| 505 | _t¿Te interesa el texto completo? Comunicate al correo: koha@justierradelfuego.gov.ar | ||
| 650 | 0 |
_9211 _aDERECHO ADMINISTRATIVO |
|
| 650 | 0 |
_9877 _aADMINISTRACION PUBLICA |
|
| 650 | 0 |
_9938 _aEMPLEO PUBLICO |
|
| 650 | 0 |
_91051 _aMEDIDAS CAUTELARES |
|
| 650 | 0 |
_92018 _aREGIMEN DISCIPLINARIO ADMINISTRATIVO |
|
| 650 | 0 | _aSANCION | |
| 650 | 0 |
_91382 _aINDEMNIZACION |
|
| 773 | 0 |
_02842 _93251 _dBuenos Aires : AbeledoPerrot, 2012- _oDA121 _tDerecho administrativo. Nº 140 mar/abr 2022 _z18510590 |
|
| 942 |
_2udc _cANA |
||